000 02754nam a22002417a 4500
003 TH-BaNU
005 20230330112225.0
008 230330b2019 TH ||||| |||| 00| 0 tha d
020 _a9786160835751
040 _aTH-BaNU
100 _aธัญญาภัทร์ เลิศจันทรางกูร
245 _aเทคนิคการพัฒนาบุคลิกภาพ
260 _aกรุงเทพฯ:
_bซีเอ็ดยูเคชั่น:
_c2562
300 _a302 หน้า
520 _aในชีวิตประจำวัน คนเราจำเป็นต้องมีการปฏิสัมพันธ์สังสรรค์ พูดคุยกับบุคคลรอบตัวอยู่ตลอดเวลา สิ่งสำคัญประการแรกที่จะช่วยสร้างสัมพันธภาพที่ดีระหว่างกันก็คือ การพัฒนาบุคลิกภาพของตนเองให้เป็นที่ประทับใจต่อผู้พบเห็น การศึกษาเทคนิคการพัฒนาบุคลิกภาพจะทำให้ผู้ศึกษาได้รับความรู้ความเข้าใจเกี่ยวกับบุคลิกภาพของบุคคลทั้งภายนอกและภายใน จนทำให้มีลักษณะโดดเด่นเป็นเอกลักษณ์ของแต่ละบุคคล เรียนรู้ทฤษฎีบุคลิกภาพที่จะทำให้เข้าใจถึงพัฒนาการของมนุษย์ เข้าใจถึงสุขภาพจิต การปรับตัวของบุคคล รวมถึงการรับรู้ตนเองและเรียนรู้เทคนิคการสร้างมนุษยสัมพันธ์ที่จะอยู่ร่วมกับผู้อื่น จนทำให้ได้รับการพัฒนาบุคลิกภาพที่สมบูรณ์ ดังวลีที่ว่า "บุคลิกภาพดีย่อมมีชัยไปกว่าครึ่ง"
650 _aเทคนิคการพัฒนาบุคลิกภาพ
650 _aการบริหารจัดการ
650 _aการบริหาร
850 _aKCNL
856 _uhttps://se-ed.belibcloud.com/book-detail/18045
_yse-ed e-library
942 _2local
_cEBK
998 _cBee
999 _c37513
_d37513